[Event "Le Touquet op-B 19th"]
[Site "Le Touquet"]
[Date "2004.10.31"]
[Round "9"]
[White "Lanoy, Florent"]
[Black "Dimart, Denis"]
[Result "0-1"]
[WhiteElo "1340"]
[BlackElo "1850"]
[PlyCount "72"]
[EventDate "2004.10.25"]
[EventType "swiss"]
[EventRounds "9"]
[EventCountry "FRA"]
[SourceTitle "EXT 2006"]
[Source "ChessBase"]
[SourceDate "2005.11.24"]
[SourceVersion "1"]
[SourceVersionDate "2005.11.24"]
[SourceQuality "1"]

1. d4 d5 2. Nf3 Nf6 3. g3 Nc6 4. Bg2 Bg4 5. 0-0 Qd7 6. Bg5 Ne4 7. Nbd2 f6 8. Bf4 g5 9. Be3 0-0-0 10. Nxe4 dxe4 11. Nd2 f5 12. c3 h6 13. f3 exf3 14. exf3 Bh5 15. Bh3 e6 16. Nc4 Bg7 17. Qe2 Rhg8 18. g4 Bg6 19. Rad1 f4 20. Bf2 Rde8 21. Rfe1 Rh8 22. Ne5 Bxe5 23. dxe5 Qh7 24. Qc4 Qf7 25. b4 h5 26. Bxa7 Nxa7 27. gxh5 Bxh5 28. Rd8+ Kxd8 29. Qd4+ Qd7 30. Qxa7 Bxf3 31. Bg2 Bxg2 32. Kxg2 Qd2+ 33. Kf1 Rxh2 34. Qb8+ Ke7 35. Qxc7+ Kf8 36. Qd6+ Kf7 0-1